Chansons de Soy Luna - Statistiques

Statistiques générales
  • Ce quiz a été pris 534 fois
  • Le résultat moyen est 30 sur 63
Statistiques - réponses
Hint Réponse % Correct
1 Alas
92%
1 Valiente
91%
1 Eres
85%
1 Prófugos
74%
1 Vuelo
70%
2 ¿Cómo me ves?
66%
1 Chicas así
64%
2 Princesa
63%
2 La vida es un sueño
62%
1 Mírame a mí
62%
2 Allá voy
61%
1 Invisibles
60%
2 Vives en mí
60%
1 A rodar mi vida
59%
2 Catch me if you can
59%
3 Soy yo
59%
2 Fush, ¡Te vas!
58%
1 Siento
57%
2 Siempre juntos
56%
1 Un destino
56%
1 Sobre ruedas
55%
1 Música en ti
54%
3 Quédate
53%
1 Corazón
52%
2 Linda
51%
3 Mano a mano
51%
1 Qué más da
51%
3 Quiero verte sonreir
51%
2 Alzo mi bandera
50%
1 I'd be crazy
49%
3 Modo amar
49%
3 Claroscuro
48%
2 I've got a feeling
48%
2 Stranger
48%
2 Andaremos
46%
1 Camino
45%
2 Mitad y mitad
45%
3 Solos
45%
2 Yes, I do
45%
2 No te pido mucho
44%
3 Tu cárcel
43%
3 Esta noche no paro
39%
3 Mi corazón hace wow wow
39%
3 Tiempo de amor
39%
2 Honey funny
36%
1 Nada ni nadie
36%
1 Tengo un corazón
36%
2 Footloose
34%
2 Cuenta conmigo
33%
3 Nadie como tú
33%
2 Aquí estoy
31%
1 Cuando bailo
31%
2 Sólo para ti
30%
3 Decirte lo que siento
29%
2 Yo quisiera
29%
3 Despierta mi mundo
28%
2 Pienso
27%
1 Sin fronteras
27%
3 Todo puede cambiar
27%
3 Borrar tu mirada
26%
3 Nada me podrá parar
26%
3 Creyendo en mí
21%
3 Si lo sueñas claro
21%
Aucun quiz correspondant
Distribution des résultats
% des personnes avec chaque résultat
Percentile par nombre de réponses
Votre historique - résultats
Vous n’avez pas pris ce quiz